000 00522nam a2200181Ia 4500
008 090124s9999 xx 000 0 und d
082 _b20902
100 _aदिघे प्रभाकर
245 _a कमांडर
250 _a1
260 _bगुलमोहर पब्लिकेशन
_c1983
300 _a192
600 _aदिघे प्रभाकर
630 _a कमांडर
700 _aदिघे प्रभाकर
730 _a कमांडर
942 _cBOOK
999 _c90978
_d90978